00319nam a2200133Ia 4500008004100000100002000041245003900061250000800100260002800108300000900136650001600145942000700161999001700168190216s9999||||xx |||||||||||||| ||und|| aJohn B Fraleigh 2aA First Course In Abstract Algebra a7th bNarosa Pubs Housec1998 a478p aMathematics cBK c31617d31617